Computation principles of mobile robotics (Record no. 38195)

MARC details
000 -LEADER
fixed length control field 00516nam a2200145 a 4500
008 - FIXED-LENGTH DATA ELEMENTS--GENERAL INFORMATION
fixed length control field 120416s0000 ||||||||||||||||| || u
020 ## - INTERNATIONAL STANDARD BOOK NUMBER
International Standard Book Number 0521568765
050 ## - LIBRARY OF CONGRESS CALL NUMBER
Classification number TJ 211.415 Dud
100 ## - MAIN ENTRY--PERSONAL NAME
Personal name Dudek, G
245 10 - TITLE STATEMENT
Title Computation principles of mobile robotics
246 ## - VARYING FORM OF TITLE
Title proper/short title G. Dudeck
260 ## - PUBLICATION, DISTRIBUTION, ETC.
Place of publication, distribution, etc. Cambridge
Name of publisher, distributor, etc. Cambridge University Press
Date of publication, distribution, etc. 2000
350 ## - PRICE (NR) (BK AM CF MU VM SE) [OBSOLETE]
Price 0.00
995 ## - RECOMMENDATION 995 [LOCAL, UNIMARC FRANCE]
-- 0.00
-- CBU-MAIN LIBRARY (Kitwe)
-- 1
-- 28.95
-- 1
-- OUT
-- Main Library Open Access Collection
Holdings
Withdrawn status Lost status Source of classification or shelving scheme Damaged status Not for loan Home library Current library Shelving location Date acquired Total Checkouts Full call number Barcode Date last seen Date last checked out Price effective from Koha item type
          CBU-MAIN LIBRARY, KITWE. CBU-MAIN LIBRARY, KITWE.   11/30/2022 1 TJ 211.415 Dud 029374 08/02/2025 06/12/2025 11/30/2022 MONOGRAPH